000 00716nam a2200193Ia 4500
003 0
005 20250127124103.0
008 150126s9999 xx 000 0 und d
050 _aPHS GV 1203
_b.K99 2014
100 _aKang, Jong Kyu.
245 _aRelationship of cell phone usage for games and gwa of students of grade 11 SISC students /
_cKang Jong Kyu.
260 _aLas PiƱas City, Philippines :
_bSouthville International School and Colleges,
_c2014.
300 _a23 pages :
_billustration ;
_c28 cm.
504 _aIncludes bibliographical references.
650 _aVideo games
_vEducational aspects.
650 _aCell phones
_vSocial aspects.
650 _aCell phone use
_vEducation.
942 _2lcc
_cPASS
999 _c278648
_d278648